000 00379nam a2200157Ia 4500
008 160316s1995 xxu||||| |||| 00| 0 eng d
082 _a340.092000
_bROW
100 _aRow Sanjiv
245 _aThe advocates act 1961
250 _a6th
260 _aAllahabad
_bLaw Book Co.
_c1995
300 _a686
_b
_c
365 _b500/-
650 _a1.Biographies - Advocates
700 _a
_a
999 _c9155
_d9155